Loading...
History - European History | 0 | 5 | 0 | 1 | 50 | 57 | 106.40 | 0 | 1 |
History - World History | 0 | 2 | 1 | 0 | 15 | 83 | 92.50 | 0 | 0 |
Literature - World/Other Literature | 0 | 1 | 0 | 0 | 10 | 110 | 110.00 | 0 | 0 |
Geography/Current Events | 0 | 1 | 0 | 0 | 10 | 92 | 92.00 | 0 | 0 |
Literature - American Literature | 0 | 1 | 0 | 0 | 10 | 148 | 148.00 | 0 | 0 |
Social Science | 0 | 1 | 1 | 1 | 5 | 115 | 115.00 | 0 | 0 |
Fine Arts - Other Fine Arts | 0 | 1 | 1 | 0 | 5 | 91 | 91.00 | 0 | 1 |
Fine Arts - Classical Music | 0 | 1 | 1 | 0 | 5 | 134 | 134.00 | 0 | 0 |
Literature - British Literature | 0 | 0 | 0 | 0 | 0 | 0.00 | 0 | 0 | |
Literature - European Literature | 0 | 0 | 0 | 0 | 0 | 0.00 | 0 | 0 | |
Fine Arts - Visual Fine Arts | 0 | 0 | 0 | 0 | 0 | 0.00 | 0 | 0 | |
Mythology | 0 | 0 | 1 | 0 | -5 | 0.00 | 0 | 0 | |
Pop Culture | 0 | 0 | 1 | 0 | -5 | 0.00 | 0 | 0 | |
History - American History | 0 | 0 | 1 | 0 | -5 | 0.00 | 0 | 0 |